000 00675cam a22002411 4500
001 sa 65006672
003 DLC
005 20260227112143.0
008 890905s1964 ii c 000 1 sano
010 _asa 65006672
035 _a(OCoLC)20300891
040 _aDLC
_cWaU
_dDLC
041 0 _asanhin
042 _apremarc
050 0 0 _aPK3799.V9
_bS5 1964
100 1 _aVyāsa, Ambikādatta,
_d1858-1900.
245 1 0 _aŚivarāja-vijayaḥ.
260 _c[1964]
300 _a7, 4, 653 p.
_bport.
_c19 cm.
500 _aIn Sanskrit; includes a translation of the first five chapters into Hindi.
500 _aA novel.
700 1 _aPandey, Ramji,
_d1917-
_tVaijayantyā.
999 _c64774
_d64774